000
00313nam a2200121 a 4500
001
000046120
005
20201002052642.0
008
150624s1986 000 spa d
040
_a
DO-SdBNP
_b
spa
_c
BNPHU
245
0
_a
Mujer y sociedad.
260
_a
[s.l.], :
_b
UNICEF,
_c
1986.
300
_a
20 p. :
_b
il. : ;
_c
27 cm.
999
_c
45609
_d
45609